000 00315nam a22001457a 4500
020 _a978-0071006972
041 _aENG
100 _aDoebelin.E.O
245 _aMeasurement Systems
250 _aSixth Ed
260 _aNew Delhi
_bTata McGraw Hill
_c2012
300 _a760
650 _aFMP
856 _uFMP ( 16 )
999 _c1376
_d1376